000 02668nam a22002657a 4500
001 216218079
003 UA-OsUOA
005 20201118194447.0
008 200518b un ||||| m||| 00| 0 ukr d
040 _aUA-OsUOA
_bukr
_cUA-OsUOA
_dUA-OsUOA
041 _aukr
080 _a343.852
090 _a343.852
095 _a12.00.09
_bкримінальний процес та криміналістика; судова експертиза; оперативно-розшукова діяльність
100 _aТарасова І. В.
245 _aПроцесуальний порядок застосування підписки про невиїзд в Україні
_cТарасова Ірина Вікторівна ; наук. керівник Шумило Микола Євгенович
260 _aКиїв
_c2012
300 _a16 с.
502 _6Автореферат дисертації на здобуття наукового ступеня кандидата юридичних наук
_cАкадемія адвокатури України
_d2012
520 _aДисертаційне дослідження присвячено вивченню проблеми процесуального порядку застосування підписки про невиїзд в Україні. У роботі розглядається правова природа запобіжного заходу у вигляді підписки про невиїзд, підстави для застосування даного запобіжного заходу, процесуальний порядок прийняття рішення про обрання, зміну та скасування підписки про невиїзд згідно з кримінально-процесуальним законодавством України та результатами оброблених даних практичного застосування підписки про невиїзд правоохоронними органами в Україні. Крім того, викладено пропозиції щодо конкретних змін до Кримінально-процесуального кодексу України, які закріплюють порядок застосування підписки про невиїзд.
650 _2UDC
_a343 Кримінальне право. Карні порушення
942 _2udc
_cAR
955 _a1
999 _c459275
_d459275